000 00454nam a2200193Ia 4500
005 20240823053929.0
008 240823s9999||||xx |||||||||||||| ||und||
020 _a978-93-84608-62-0
041 _aENGLISH
082 _A004.6 Q6
100 _aAnanda Kumar M
245 0 _aComputer Networks
250 _a1st
260 _c2016
_bA R S Publica
500 _aYES
650 _aComputer Networks
_bComputer Science
942 _cBK
999 _c225280
_d225280